| 000 | 00824nam a22002297a 4500 | ||
|---|---|---|---|
| 999 |
_c8578 _d8578 |
||
| 003 | AR-CdUCM | ||
| 008 | 190325b ||||| |||| 00| 0 spa d | ||
| 040 |
_aMUNICIPALIDAD PROVINCIAL DEL CUSCO _cBIBLIOTECA MUNICIPAL DEL CUSCO |
||
| 082 |
_a974.051 / _bSA22 |
||
| 100 |
_aSánchez Vázquez, Adolfo _919848 |
||
| 245 | _aRousseau en México / | ||
| 260 |
_aMéxico : _bGrijalbo, _c1969. |
||
| 300 |
_a149 páginas ; _c18 cm. |
||
| 440 |
_aColeción 70. _n70 _924024 |
||
| 505 | _aContenido: Rousseau en México -- La filosofía de Rousseau y la ideología de la independencia -- Textos de Rousseau -- Textos de la independencia. | ||
| 650 |
_aGuerras de la Independencia, 1810-1821 _924025 |
||
| 650 |
_aMéxico _918 |
||
| 650 |
_aIndependencia _9625 |
||
| 650 |
_aFilosofía _9395 |
||
| 942 |
_2ddc _cLIBROS |
||
| 945 | _aachl | ||